Một chuyến đi Tiểu thuyết

সংরক্ষণ করুন:
গ্রন্থ-পঞ্জীর বিবরন
প্রধান লেখক: Nguyễn, Nguyên Phước
বিন্যাস: গ্রন্থ
ভাষা:Undetermined
প্রকাশিত: H. Phụ nữ Việt Nam 2019
বিষয়গুলি:
অনলাইন ব্যবহার করুন:http://lrc.tdmu.edu.vn/opac/search/detail.asp?aID=2&ID=40675
ট্যাগগুলো: ট্যাগ যুক্ত করুন
কোনো ট্যাগ নেই, প্রথমজন হিসাবে ট্যাগ করুন!
Thư viện lưu trữ: Trung tâm Học liệu Trường Đại học Thủ Dầu Một
LEADER 00690nam a2200205Ia 4500
001 TDMU_40675
008 210410s9999 xx 000 0 und d
082 |a 895.1352 
090 |b NG527 
100 |a Nguyễn, Nguyên Phước 
245 0 |a Một chuyến đi 
245 0 |b Tiểu thuyết 
245 0 |c Nguyễn Nguyên Phước 
260 |a H. 
260 |b Phụ nữ Việt Nam 
260 |c 2019 
300 |a 202tr. 
650 |a Văn học Việt Nam  |v Tiểu thuyết; Tiểu thuyết Việt Nam 
856 |u http://lrc.tdmu.edu.vn/opac/search/detail.asp?aID=2&ID=40675 
980 |a Trung tâm Học liệu Trường Đại học Thủ Dầu Một